Statistics for BROCKHAMPTON: Saturation Trilogy

Click here to take the quiz!

General Stats

  • This quiz has been taken 583 times
  • The average score is 36 of 48

Answer Stats

Album Song % Correct
Saturation IHeat
96%
Saturation IIIBoogie
95%
Saturation IGold
95%
Saturation IFace
92%
Saturation IIGummy
91%
Saturation IISummer
91%
Saturation IStar
91%
Saturation IIJunky
87%
Saturation IISweet
85%
Saturation IMilk
84%
Saturation IIQueer
84%
Saturation IIIZipper
84%
Saturation IIIBleach
84%
Saturation IIITeam
84%
Saturation IWaste
84%
Saturation IIIRental
81%
Saturation ISkit 1
81%
Saturation IBoys
80%
Saturation ISkit 2
80%
Saturation IIISister / Nation
77%
Saturation IIIJohnny
77%
Saturation IIICinema 2
77%
Saturation ISkit 3
76%
Saturation IISwamp
76%
Saturation IIICinema 1
76%
Saturation I2Pac
75%
Saturation IIIAlaska
73%
Saturation IIICinema 3
71%
Saturation IITokyo
71%
Saturation IIIHottie
70%
Saturation IIScene 2
70%
Saturation IISunny
69%
Saturation IIJello
69%
Saturation IIScene 1
69%
Saturation IIGamba
68%
Saturation ICash
67%
Saturation IITeeth
67%
Saturation IBank
67%
Saturation IBump
66%
Saturation IFake
66%
Saturation IIIStains
65%
Saturation IIIStupid
64%
Saturation ISwim
63%
Saturation IIILiquid
62%
Saturation IIFight
62%
Saturation IIJesus
61%
Saturation ITrip
59%
Saturation IIChick
56%

Score Distribution

Percentile by Number Answered

Percent of People with Each Score

Your Score History

You have not taken this quiz